|
|
|
|
| LEADER |
01662nim a2200457 a 4500 |
| 001 |
001150065 |
| 003 |
CZ BrMZK |
| 005 |
20110707111033.0 |
| 007 |
sd^ |
| 008 |
110523p20111991xr cze |
| 024 |
3 |
|
|a 8590236085527
|
| 028 |
0 |
1 |
|a CRO855-2
|b Radioservis
|
| 040 |
|
|
|a BOA001
|b cze
|
| 041 |
1 |
|
|d cze
|h eng
|
| 072 |
|
7 |
|a 821.111-3
|x Anglická próza, anglicky psaná
|2 Konspekt
|9 25
|
| 080 |
|
|
|a 821.111-31
|2 MRF
|
| 080 |
|
|
|a (0:82-31)
|2 MRF
|
| 080 |
|
|
|a (0:82-25)7.096
|2 MRF
|
| 080 |
|
|
|a (086.76)
|2 MRF
|
| 100 |
1 |
|
|a Orwell, George,
|d 1903-1950
|7 jn19981001921
|4 aut
|
| 240 |
1 |
0 |
|a Nineteen eighty-four.
|l Česky
|
| 245 |
1 |
0 |
|a 1984
|h [zvukový záznam] :
|b rozhlasová dramatizace z roku 1991 /
|c George Orwell
|
| 246 |
3 |
|
|a Devatenáct set osmdesát čtyři
|
| 246 |
3 |
|
|a Tisíc devět set osmdesát čtyři
|
| 260 |
|
|
|a [Praha] :
|b Radioservis,
|c c2011, p1991
|
| 300 |
|
|
|a 1 zvuková deska (300:11) :
|b MP3
|
| 500 |
|
|
|a Kompaktní deska
|
| 500 |
|
|
|a Původní fonogam p1991 Československý rozhlas
|
| 500 |
|
|
|a Překlad Eva Šimečková
|
| 500 |
|
|
|a Přeloženo z angličtiny?
|
| 508 |
|
|
|a Režie Karel Weinlich ; hudba Petr Mandel
|
| 511 |
1 |
|
|a Jiří Ornest a další
|
| 655 |
|
7 |
|a anglické romány
|7 fd131814
|2 czenas
|
| 655 |
|
7 |
|a rozhlasové hry
|7 fd133298
|2 czenas
|
| 655 |
|
7 |
|a kompaktní desky
|7 fd201991
|2 czenas
|
| 700 |
1 |
|
|a Weinlich, Karel,
|d 1930-2020
|7 jn19990010111
|4 drt
|
| 700 |
1 |
|
|a Ornest, Jiří,
|d 1946-2017
|7 jn20000620260
|4 prf
|
| 910 |
|
|
|a BOA001
|b CDR-1266.809
|
| 990 |
|
|
|a AV
|
| 991 |
|
|
|b 201107
|e b
|
| 996 |
6 |
|
|b 2610479979
|c CDR-1266.809
|l MZK
|r Sklad / do 24 hodin
|n 5
|p p.v.
|w 001184146
|u 000010
|a 1
|e BOA001
|j MZK50
|s P
|